| 000 | 00984nam a2200277Ia 4500 | ||
|---|---|---|---|
| 003 | GCL | ||
| 008 | 140319s9999 xx 000 0 ara d | ||
| 020 | _a5301317977 | ||
| 040 |
_aGCL / _cGCL |
||
| 082 | 0 | 4 |
_a362.042 _bح س |
| 100 | 1 | _aحسن مصطفى عبدالمعطي | |
| 245 | 1 | 0 |
_aالسيكوباثولوجيا الاجتماعية والمشكلات المعاصرة / _cحسن مصطفى عبدالمعطي |
| 250 | _aالاولى | ||
| 260 |
_aالقاهرة : _bمكتبة زهراء الشرق ، _c2006 |
||
| 300 |
_a325ص ؛ _c24سم |
||
| 650 | 0 | 4 | _aالمخدرات والشباب |
| 650 | 0 | 4 | _aالارهاب |
| 650 | 0 | 4 | _aالعنف |
| 650 | 0 | 4 | _aالانحراف |
| 650 | 0 | 4 | _aالمشاكل الاجتماعية |
| 650 | 0 | 4 | _aالشباب - رعاية اجتماعية |
| 650 | 0 | 4 | _aالعنف فى المدارس |
| 650 | 0 | 4 | _aالطلبة - مشاكل اجتماعية |
| 650 | 0 | 4 | _aالشباب - الصحة النفسية |
| 942 |
_2ddc _cBK |
||
| 999 |
_c9673 _d9673 |
||